000 00740nam a2200229 a 4500
001 000045925
005 20240702114200.0
008 150602s2004 dr 000 0 spa d
020 _a9945405101
040 _aDO-SdBNP
_bspa
_cBNPHU
082 _aRD861.44
_bL129m, 2004
100 1 _aLacay Polanco, Ramón,
_d1918-1986
_923155
245 1 3 _aLa mujer de agua /
_cRamón Lacay Polanco.
250 _a3ª ed
260 _aSanto Domingo :
_bLibrería La Trinitaria,
_c2004.
300 _a72 p. ;
_c22 cm.
500 _aIncluye datos biográficos del autor en la contracubierta.
590 _aInventariado, 2018/LP
650 0 _aPoesía dominicana
_966
650 0 _aLiteratura dominicana.
_967
910 _aValidado. Control de validad MFF
999 _c45414
_d45414